La economía latinoamericana (Registro nro. 5033)

Detalles MARC
000 -LEADER
fixed length control field 02226 a2200229 4500
001 - CONTROL NUMBER
control field 52918
005 - DATE AND TIME OF LATEST TRANSACTION
control field 20260407155803.0
008 - FIXED-LENGTH DATA ELEMENTS--GENERAL INFORMATION
fixed length control field 260407a1973 arg spa d
003 - CONTROL NUMBER IDENTIFIER
control field AR-UNSa-BCEJYS
040 ## - CATALOGING SOURCE
Original cataloging agency AR-UNSa-BCEJYS
Language of cataloging spa
Transcribing agency AR-UNSa-BCEJYS
080 ## - UNIVERSAL DECIMAL CLASSIFICATION NUMBER
Universal Decimal Classification number 330(8)
Common auxiliary subdivision Economía de América del Sur. Estados y Regiones de América del Sur.<br/>América Latina. Iberoamérica<br/>
041 ## - LANGUAGE CODE
Language code of text/sound track or separate title spa
100 1# - MAIN ENTRY--PERSONAL NAME
Personal name Furtado, Celso
245 10 - TITLE STATEMENT
Title La economía latinoamericana
Name of part/section of a work una sintesis desde la conquista Ibérica hasta la revolución cubana
250 ## - EDITION STATEMENT
Edition statement 3a. ed.
264 #1 - PRODUCTION, PUBLICATION, DISTRIBUTION, MANUFACTURE, AND COPYRIGHT NOTICE
Place of production, publication, distribution, manufacture Santiago de Chile :
Name of producer, publisher, distributor, manufacturer Universitaria
Date of production, publication, distribution, manufacture, or copyright notice 1973
300 ## - PHYSICAL DESCRIPTION
Extent 311 p.
Dimensions 23 cm.
505 ## - FORMATTED CONTENTS NOTE
Formatted contents note 1. Introducción, cuadro físico y evolución demográfica - 2. Bases económicas y sociales de la ocupación territorial - 3. La primera mitad del siglo XIX - 4. La transformación del comercio internacional en la segunda mitad del siglo XIX y sus efectos en América Latina - 5. La reorientación de la economía internacional en el siglo actual - 6. Algunos indicadores del grado de desarrollo alcanzado en América Latina - 7. Características de las estructuras agrarias - 8. Distribución y uilización de del ingreso social - 9. Los sistemas monetarios y cambiarios - 10. El proceso de industrialización: primera parte - 11. El proceso de industrialización:sustitución de importaciones - 12. Los desequilibrios provocados por la industrtialización sustitutiva de importaciones: la inflación estructural - 13. evolución de las estructuras macroeconómicas - 14. El sector agropecuario - 15. El sector industrial - 16. Declinación en la tasa de crecimiento - 17. Las formas tradiconales de la dependencia externa - 18. Las nuevas formas de dependencia externa - 19. En busca de la reestructuración de la economía internacional - 20. El proceso de integración en América Central - 21. La ALALC y el Grupo Andino - 22. Ensayos de planificación económica - 23. Las reformas agrarias - 24. Aspectos económicos de la revolución Cubana - 25. Tendencias actuales y perspectivas
590 ## - LOCAL NOTE (RLIN)
Local note niveau_biblio:m niveau_hierar:0
856 41 - ELECTRONIC LOCATION AND ACCESS
Uniform Resource Identifier <a href="https://www.biblioeco.unsa.edu.ar/pmb/images/libros/L128355.jpg">https://www.biblioeco.unsa.edu.ar/pmb/images/libros/L128355.jpg</a>
Link text Imagen de portada
Electronic format type image/jpeg
942 ## - ADDED ENTRY ELEMENTS (KOHA)
Koha item type
Existencias
Withdrawn status Lost status Damaged status Not for loan Home library Current library Shelving location Date acquired Total checkouts Full call number Barcode Date last seen Price effective from Koha item type
        Biblioteca Prof. Eusebio Cleto del Rey Biblioteca Prof. Eusebio Cleto del Rey   07/04/2026   330(8) F992 3ed. L128355 07/04/2026 07/04/2026 Libro